000 01107nam a2200289 c 4500
999 _c343889
_d343889
003 BLK
005 20200428151405.0
008 180911b bul|||||r ||||||| ||bul||
010 _a003550
040 _aBLK
041 _aDEU
_cBUL
080 _z341.24(437)
100 1 _eпърви автор
_9399286
245 1 0 _aDie TSCHECHOSLOWAKISCHEN Denkschriften fur die Friedenskonferenz von Paris 1919/1920
246 _bTSCHECHOSLOWAKISCHEN Denkschriften
260 _aBerlin
_bCarl Heymanns Verl.
_c1937
_fLandensalza : Julius Beltz
300 _a331 с., 20 л
_bк.
_c24 см
380 _a0
490 _aBeitr. zum auslandischen off. Recht und Volkerrecht
490 _aЧастна колекция - Академик Михаил Арнаудов
_gДарение - Основен фонд
500 _aАвтограф с текст: Vom Herausgeber uberreicht, mit der Bitte um Beisprechung (Автографът е на отделен лист); Михаил Арнаудов: подпис
655 _aПраво
_9397301
700 1 _aHrsg. Hermann Raschhofer
_9399287
852 _aМА 2859
942 _cKNG
_n0
_s1
944 _aCR
_c1994
999 _d343889
999 _d343889